Statistics for Destiny 2 Trivia

Click here to take the quiz!

General Stats

  • This quiz has been taken 101 times
  • The average score is 18 of 29

Answer Stats

QuestionAnswer% Correct
What is the name of the assistant to any guardian?ghost
97%
What is the name of people with light?guardian
96%
Warlock Vanguard?ikora rey
90%
Hunter Vanguard (before Forsaken)?cayde-6
88%
Who is the vendor for Gambit and Gambit Prime?drifter
81%
What is the activity associated with the Vanguard?strike
78%
Who is the main vendor on the Moon?eris morn
76%
Who is the vendor for Crucible?lord shaxx
74%
Who is the Titan Vanguard?commander zavala
64%
What is the name of the Cabal "Emperor"?emperor callus
63%
What is his SUPER hard raid called?leviathan
63%
Who is the main vendor on the Tangled Shore?spider
63%
Who is the Emissary of the Nine who sells exotics?xur
63%
Who is the Gunsmith on the Tower?banshee-44
62%
Who is the main vendor in the EDZ?devrim kay
62%
Who is the main vendor at the Dreaming City?petra venj
60%
Who is the main vendor in the hangar in the Tower?amanda holliday
56%
Who is the Iron Banner vendor?lord saladin
56%
Who is the very famous exiled warlock?osiris
56%
Who is the Cryptarch on the Tower?master rahool
54%
Who is the main vendor on Nessus?failsafe
50%
What is his ghost's name?sagira
50%
Who is the main vendor on Io?asher mir
47%
Who is the Eververse Store vendor?tess everis
45%
Who is the main vendor on Titan?sloane
44%
Who is the main vendor on Mars?ana bray
42%
Who is the event vendor?eva levante
37%
Who is the Clan vendor?suraya hawthorne
33%
Who is the main vendor on Mercury?brother vance
32%

Score Distribution

Percentile by Number Answered

Percent of People with Each Score

Your Score History

You have not taken this quiz